Risultati della Juventus in UEFA Champions League 2015-2016 - Statistics

Statistiche generali
  • Questo quiz è stato fatto 42 volte
  • Il punteggio medio è 3 su 8
Statistiche sulle risposte
Hint Risposta % Corretto
Manchester City - Juventus 1-2
84%
Juventus - Siviglia 2-0
55%
Borussia Mönchengladbach - Juventus 1-1
47%
Juventus - Manchester City 1-0
45%
Monaco - Juventus 4-2 d.t.s. (2-2)
45%
Siviglia - Juventus 1-0
32%
Juventus - Borussia Mönchengladbach 0-0
26%
Juventus - Bayern Monaco 2-0
8%
Nessun quiz corrispondente trovato
Distribuzione punteggi
Percentuale di utenti per punteggio
Percentile per numero di risposta
I tuoi punteggi nel tempo
Non hai fatto questo quiz